000 00541nam a22001697a 4500
005 20260509141753.0
008 260509b |||||||| |||| 00| 0 eng d
020 _a9789364403337
040 _aSGVU Library
_cSGVU Library
082 _222
_a631.46
_bRAN T
100 _aRamanathan N
_929986
245 _aText Book of Agricultural Microbiology And Phytoremediation
_hEnglish
260 _aNew Delhi , India
_bKalyani Publishers
_c2025
300 _a386p
_bPB
650 _aAgriculture
_yG4768
_940315
942 _2ddc
_cBOOKS
_k631.46 RAN T
999 _c90286
_d90286